| 000 | 00574nam a2200193Ia 4500 | ||
|---|---|---|---|
| 005 | 20250326143149.0 | ||
| 008 | 250326s9999 xx 000 0 und d | ||
| 020 | _a0-415-24416-1 | ||
| 037 | _aTextbook | ||
| 040 |
_aFMSL _beng _cFMSL |
||
| 041 |
_aeng _2eng |
||
| 084 |
_aX P2 _qFMSL |
||
| 100 |
_aNistico Sergio _9289089 |
||
| 245 | 0 |
_aCompeting economic theories:Essays in memory of giovanni caravale _cNistico Sergio; Tosato Domenico |
|
| 260 |
_aLondon _bLondon, Routledge _c2002 |
||
| 300 | _axiii,400 | ||
| 942 |
_cTB _hX P2 |
||
| 999 |
_c1298398 _d1298398 |
||